Моделирование тлеющего разряда в полом катоде; Информационные технологии в науке, управлении, социальной сфере и медицине; Ч. 1
| Parent link: | Информационные технологии в науке, управлении, социальной сфере и медицине: сборник научных трудов Международной конференции с международным участием , 29 апреля - 2 мая 2014 г., Томск/ Национальный исследовательский Томский политехнический университет (ТПУ).— , 2014 Ч. 1.— 2014.— [С. 51-53] |
|---|---|
| 1. Verfasser: | |
| Zusammenfassung: | Заглавие с титульного экрана This article discusses the modeling of low-temperature glow discharge generated plasma with a large area hollow cathode, both in a self-sustained mode and additional electron injection mode. The results of theoretical and numerical investigations of the discharge characteristics agree with experiments. |
| Sprache: | Englisch |
| Veröffentlicht: |
2014
|
| Schriftenreihe: | Моделирование в научных исследованиях |
| Schlagworte: | |
| Online-Zugang: | http://www.lib.tpu.ru/fulltext/c/2014/C24/V1/016.pdf |
| Format: | MixedMaterials Elektronisch Buchkapitel |
| KOHA link: | https://koha.lib.tpu.ru/cgi-bin/koha/opac-detail.pl?biblionumber=607760 |
MARC
| LEADER | 00000naa2a2200000 4500 | ||
|---|---|---|---|
| 001 | 607760 | ||
| 005 | 20260312143510.0 | ||
| 035 | |a (RuTPU)RU\TPU\conf\5166 | ||
| 035 | |a RU\TPU\conf\5165 | ||
| 090 | |a 607760 | ||
| 100 | |a 20140901d2014 k||y0rusy50 ba | ||
| 101 | 0 | |a eng | |
| 102 | |a RU | ||
| 135 | |a drnn ---uucaa | ||
| 181 | 0 | |a i | |
| 182 | 0 | |a b | |
| 200 | 1 | |a Моделирование тлеющего разряда в полом катоде |f Нгуен Бао Хынг |d The modelling of glow discharge in a hollow cathode | |
| 203 | |a Текст |c электронный | ||
| 225 | 1 | |a Моделирование в научных исследованиях | |
| 300 | |a Заглавие с титульного экрана | ||
| 320 | |a [Библиогр.: с. 53 (4 назв.)] | ||
| 330 | |a This article discusses the modeling of low-temperature glow discharge generated plasma with a large area hollow cathode, both in a self-sustained mode and additional electron injection mode. The results of theoretical and numerical investigations of the discharge characteristics agree with experiments. | ||
| 337 | |a Adobe Reader | ||
| 461 | 1 | |0 (RuTPU)RU\TPU\conf\4263 |t Информационные технологии в науке, управлении, социальной сфере и медицине |o сборник научных трудов Международной конференции с международным участием , 29 апреля - 2 мая 2014 г., Томск |o в 2 ч. |f Национальный исследовательский Томский политехнический университет (ТПУ) |d 2014 | |
| 463 | 1 | |0 (RuTPU)RU\TPU\conf\5084 |t Ч. 1 |v [С. 51-53] |d 2014 | |
| 510 | 1 | |a The modelling of glow discharge in a hollow cathode |z eng | |
| 610 | 1 | |a труды учёных ТПУ | |
| 610 | 1 | |a электронный ресурс | |
| 610 | 1 | |a моделирование | |
| 610 | 1 | |a тлеющие разряды | |
| 610 | 1 | |a полые катоды | |
| 700 | 0 | |a Нгуен Бао Хынг |c вьетнамский специалист в области информатики и вычислительной техники |c ассистент кафедры Томского политехнического университета |3 (RuTPU)RU\TPU\pers\35432 | |
| 801 | 2 | |a RU |b 63413507 |c 20151026 |g RCR | |
| 856 | 4 | |u http://www.lib.tpu.ru/fulltext/c/2014/C24/V1/016.pdf | |
| 942 | |c BK | ||